| 000 | 00847nam a22002297a 4500 | ||
|---|---|---|---|
| 999 |
_c20943 _d20943 |
||
| 003 | AR-CdUCM | ||
| 008 | 190408b ||||| |||| 00| 0 spa d | ||
| 040 |
_aMUNICIPALIDAD PROVINCIAL DEL CUSCO _cBIBLIOTECA MUNICIPAL DEL CUSCO |
||
| 082 |
_aPI / 376.16 / _bC79 |
||
| 100 |
_aCorredor, Nohora _943698 |
||
| 245 | _aUn derecho a defender los derechos / | ||
| 260 |
_aBogotá : _bUNICEF, _c1998. |
||
| 300 |
_a18 páginas ; _bIlustraciones, _c22 cm. |
||
| 440 |
_aMaterial educativo del proyecto niños y niñas veedores científicos _943699 |
||
| 505 | _aContenido : Niñas y niños veedores científicos -- Objetivos del proyecto -- Tarea de los veedores... | ||
| 650 |
_aDerechos _96548 |
||
| 650 |
_aNiños _99390 |
||
| 650 |
_aEducación primaria _91561 |
||
| 700 |
_aMontoya, Helena Cecilia _943700 |
||
| 942 |
_2ddc _cLIBROS |
||
| 945 | _arcc | ||